Daedric Princes - Statistics

General Stats
  • This quiz has been taken 48 times
  • The average score is 11 of 17
Answer Stats
Hint Answer % Correct
Prince of Madness Sheogorath
90%
Queen of Dusk and Dawn Azura
87%
Father of Coldharbour Molag Bal
87%
Merid-Nunda Meridia
82%
Herma-Mora Hermaeus Mora
79%
Calamity's Tyrant King Mehrunes Dagon
77%
Father of Manbeasts Hircine
72%
Child-God of Morningstar Clavicus Vile
59%
The Orc-Father Malacath
59%
Blood-made-Pleasure Sanguine
59%
The Webspinner Mephala
56%
Ur-dra Nocturnal
56%
Prince of Pestilence Peryite
56%
Lady of Decay Namira
54%
Prince of Order Jyggalag
51%
Anticipation of Almalexia Boethiah
36%
Weaver of Dreams Vaernima
8%
No matching quizzes found
Score Distribution
Percent of People with Each Score
Percentile by Number Answered
Your Score History
You have not taken this quiz